Music Quiz

Random Music or Lyrics Quiz

Figure out the lyrics (90s) Quiz Stats

 Plays Quiz not verified by Sporcle

Also try: Bands in Concert
Challenge
Share
Tweet
Embed
Score 0/172 Timer 10:00
0 Plays Today
% Correct
the
98.7%
and
98.7%
the
98.7%
the
98.7%
and
98.7%
and
98.7%
and
98.7%
and
98.7%
a
98.7%
and
98.7%
the
98.7%
the
98.7%
and
98.7%
and
98.7%
and
98.7%
and
98.7%
and
98.7%
and
98.7%
I
97.7%
I
97.7%
I
97.7%
I
97.7%
I
97.7%
I
97.7%
I
97.7%
I
97.7%
I
97.7%
you
92.6%
you
92.6%
you
92.6%
you
92.6%
you
92.6%
you
92.6%
you
92.6%
you
92.6%
you
92.6%
you
92.6%
you
92.6%
love
83%
love
83%
on
79.6%
on
79.6%
on
79.6%
on
79.6%
on
79.6%
on
79.6%
on
79.6%
on
79.6%
on
79.6%
on
79.6%
on
79.6%
on
79.6%
in
79%
in
79%
in
79%
in
79%
in
79%
go
77.7%
% Correct
go
77.7%
go
77.7%
go
77.7%
go
77.7%
go
77.7%
go
77.7%
go
77.7%
go
77.7%
go
77.7%
to
76.7%
to
76.7%
is
75.2%
my
74.3%
my
74.3%
my
74.3%
my
74.3%
my
74.3%
my
74.3%
my
74.3%
my
74.3%
my
74.3%
will
70.8%
will
70.8%
will
70.8%
will
70.8%
are
70.2%
are
70.2%
are
70.2%
that
68.3%
that
68.3%
that
68.3%
that
68.3%
know
67.2%
know
67.2%
heart
66.8%
heart
66.8%
heart
66.8%
heart
66.8%
heart
66.8%
heart
66.8%
heart
66.8%
heart
66.8%
heart
66.8%
can
65.8%
for
65.2%
see
63.4%
when
62.7%
how
61.9%
feel
58.7%
you're
57%
you're
57%
you're
57%
us
56.2%
us
56.2%
Every
52.4%
night
52.3%
time
51.5%
time
51.5%
% Correct
dreams
51.2%
one
50.9%
one
50.9%
this
50.6%
life
50.1%
here
49.7%
here
49.7%
here
49.7%
Far
49.5%
far
49.5%
far
49.5%
have
49.1%
near
47.9%
near
47.9%
wherever
47.7%
wherever
47.7%
we're
46%
does
43.1%
does
43.1%
was
40.6%
more
40.5%
more
40.5%
believe
40.4%
believe
40.4%
always
39.8%
Once
38.6%
once
38.6%
last
37.1%
across
36.8%
distance
36.7%
between
36.7%
never
36.1%
come
35.5%
open
35.2%
open
35.2%
forever
35.2%
lifetime
35.2%
door
35.2%
door
35.2%
way
35.1%
touch
34.9%
we'll
33.4%
we'll
33.4%
nothing
33.3%
show
33.2%
let
33.2%
there's
32.5%
spaces
32.3%
hold
31.5%
gone
28.9%
stay
28.9%
fear
28.5%
loved
28.4%
true
24.8%
safe
21.4%
till
20.2%

You're not logged in!

Compare scores with friends on all Sporcle quizzes.
OR
Log In

You Might Also Like...

Show Comments

Extras

Top Quizzes Today


Score Distribution

Your Account Isn't Verified!

In order to create a playlist on Sporcle, you need to verify the email address you used during registration. Go to your Sporcle Settings to finish the process.

Report this User

Report this user for behavior that violates our Community Guidelines.

Details: